000 00409nmm a2200133Ia 4500
008 251105s9999||||xx |||||||||||||||||und||
041 _aspa
100 _aPinilla Gómez, Daniel
245 0 _aPolifemo vive al Este. Viaje a la trastienda de Europa 2 EDIC.
264 _a[Madrid, España] :
_bLantia,
_c2017
300 _a0 páginas
856 _uhttps://public.digitaliapublishing.com/a/87518
942 _cCF
999 _c106370
_d106370